[Event "Montreal op"]
[Site "Montreal CAN"]
[Date "2012.09.07"]
[Round "1"]
[White "Masse, Hugues"]
[Black "Zhu, Hong Rui"]
[Result "1/2-1/2"]
[WhiteElo "2213"]
[BlackElo "2009"]
[PlyCount "82"]
[GameId "2160767909445247"]
[EventDate "2012.09.07"]
[EventType "swiss"]
[EventRounds "5"]
[EventCountry "CAN"]
[SourceTitle "EXT 2013"]
[Source "ChessBase"]
[SourceDate "2012.11.22"]
[SourceVersion "1"]
[SourceVersionDate "2012.11.22"]
[SourceQuality "1"]

1. d4 d5 2. c4 e6 3. Nf3 Nf6 4. g3 Be7 5. Bg2 O-O 6. O-O c6 7. Qc2 Nbd7 8. Nbd2 b6 9. e4 dxe4 10. Nxe4 Bb7 11. Nxf6+ Bxf6 12. c5 e5 13. dxe5 Nxe5 14. Bf4 Nxf3+ 15. Bxf3 Qd4 16. Bd6 Rfe8 17. Rab1 Be7 18. Rfd1 Qf6 19. Be4 h6 20. b4 Rad8 21. Bxe7 Qxe7 22. Rxd8 Rxd8 23. cxb6 axb6 24. Bxc6 Rc8 25. b5 Bxc6 26. bxc6 Qc5 27. Qxc5 bxc5 28. Rb6 Kf8 29. Kf1 Ke7 30. Rb7+ Ke6 31. c7 Kd5 32. Ke2 Kc6 33. Rb8 Rxc7 34. Kd3 Ra7 35. Rb2 Kd5 36. Rd2 c4+ 37. Kc3+ Kc5 38. Kb2 Kb4 39. Rd4 Ra6 40. Rf4 Ra7 41. h4 h5 1/2-1/2

[Event "Montreal op"]
[Site "Montreal CAN"]
[Date "2012.09.07"]
[Round "1"]
[White "Nicula, Marius"]
[Black "Gueorguiev, Valentin"]
[Result "1/2-1/2"]
[WhiteElo "2196"]
[BlackElo "2000"]
[PlyCount "64"]
[GameId "2160767909445248"]
[EventDate "2012.09.07"]
[EventType "swiss"]
[EventRounds "5"]
[EventCountry "CAN"]
[SourceTitle "hb 2012"]

1. Nf3 g6 2. g3 Bg7 3. d4 c5 4. c3 cxd4 5. cxd4 b6 6. Bg2 Bb7 7. Nc3 Nf6 8. O-O O-O 9. Re1 d6 10. e4 Nbd7 11. e5 dxe5 12. dxe5 Ng4 13. Bf4 Nc5 14. Nd4 Bxg2 15. Kxg2 Rc8 16. Ndb5 a6 17. Qxg4 axb5 18. Rad1 Nd3 19. Re3 Nxf4+ 20. Qxf4 Qc7 21. Qe4 e6 22. Rd4 Rfd8 23. Rxd8+ Qxd8 24. Rd3 Qc7 25. f4 Bf8 26. a3 Rd8 27. Kf3 Rxd3+ 28. Qxd3 b4 29. axb4 Bxb4 30. Ne4 Be7 31. Qc3 Qb7 32. Ke3 Bc5+ 1/2-1/2

[Event "Montreal op"]
[Site "Montreal CAN"]
[Date "2012.09.07"]
[Round "1"]
[White "Sapozhnikov, Roman"]
[Black "Poulin, Mathieu"]
[Result "1-0"]
[WhiteElo "2332"]
[BlackElo "2057"]
[PlyCount "67"]
[GameId "2160767909445249"]
[EventDate "2012.09.07"]
[EventType "swiss"]
[EventRounds "5"]
[EventCountry "CAN"]
[SourceTitle "EXT 2013"]
[Source "ChessBase"]
[SourceDate "2012.11.22"]
[SourceVersion "1"]
[SourceVersionDate "2012.11.22"]
[SourceQuality "1"]

1. e4 c6 2. d4 d5 3. e5 Bf5 4. Nf3 e6 5. Be2 c5 6. Be3 Nc6 7. dxc5 Qc7 8. O-O Nge7 9. Bd4 Nxd4 10. Nxd4 Qxc5 11. Bb5+ Nc6 12. Bxc6+ bxc6 13. Nxf5 exf5 14. Nd2 Qb4 15. Nb3 g6 16. Nd4 Rc8 17. Qd3 Qb6 18. c4 Rd8 19. Rad1 Bg7 20. c5 Qxc5 21. Rc1 Qb6 22. Nxc6 Rd7 23. Qa3 Bf8 24. Qa4 Bh6 25. e6 Rb7 26. Na5+ Ke7 27. Nxb7 Bxc1 28. Qd7+ Kf6 29. Qxf7+ Kg5 30. Rxc1 Qxb2 31. Rf1 d4 32. e7 Qb5 33. Nd6 Qd7 34. e8=Q 1-0

[Event "Montreal op"]
[Site "Montreal CAN"]
[Date "2012.09.07"]
[Round "1"]
[White "Yu, Zong Yang"]
[Black "Qin, Zi Yi (Joey)"]
[Result "0-1"]
[WhiteElo "2043"]
[BlackElo "2422"]
[PlyCount "86"]
[GameId "2160767909445250"]
[EventDate "2012.09.07"]
[EventType "swiss"]
[EventRounds "5"]
[EventCountry "CAN"]

1. d4 Nf6 2. c4 g6 3. Nc3 Bg7 4. e4 d6 5. Nf3 O-O 6. Be2 e5 7. O-O Nc6 8. d5 Ne7 9. Ne1 Nd7 10. Be3 f5 11. f3 f4 12. Bf2 g5 13. b4 Rf6 14. c5 b6 15. c6 Nf8 16. b5 h5 17. a4 Rg6 18. a5 g4 19. axb6 cxb6 20. Nd3 g3 21. Be1 h4 22. h3 Nh7 23. Bd2 Ng5 24. Re1 Bxh3 25. gxh3 Nxh3+ 26. Kg2 Ng5 27. Rh1 h3+ 28. Kg1 h2+ 29. Kf1 Nh3 30. Kg2 Qc8 31. Bf1 Ng5 32. Nf2 Kf7 33. Ne2 gxf2 34. Kxf2 Qh8 35. Bg2 Bf6 36. Rc1 Rag8 37. Bxf4 Nxe4+ 38. Ke3 Rxg2 39. Kxe4 Qh7+ 40. Ke3 exf4+ 41. Kd2 Nxd5 42. Qb3 Qf5 43. Rc4 Re8 0-1

[Event "Montreal op"]
[Site "Montreal CAN"]
[Date "2012.09.07"]
[Round "1"]
[White "Yun, Chang"]
[Black "Tomb, Maroun"]
[Result "1/2-1/2"]
[WhiteElo "2000"]
[BlackElo "2209"]
[PlyCount "84"]
[GameId "2160767909445251"]
[EventDate "2012.09.07"]
[EventType "swiss"]
[EventRounds "5"]
[EventCountry "CAN"]
[SourceTitle "hb 2012"]

1. e4 c5 2. Nf3 Nc6 3. Bb5 g6 4. O-O Bg7 5. c3 Nf6 6. Re1 O-O 7. d4 cxd4 8. cxd4 d5 9. e5 Ne4 10. Nc3 Nxc3 11. bxc3 Na5 12. Bd3 Bg4 13. h3 Bxf3 14. Qxf3 Rc8 15. Bd2 Nc4 16. Bg5 Rc6 17. Rab1 Qd7 18. Rb5 e6 19. Reb1 b6 20. Bxc4 Rxc4 21. h4 Rfc8 22. R5b3 Qa4 23. R1b2 Qc6 24. Bd2 Ra4 25. Rb4 Rxb4 26. Rxb4 Bf8 27. Rb2 Qc4 28. Qd1 h5 29. a4 Ba3 30. Rb5 Qd3 31. Rb3 Bf8 32. Qc1 Rc4 33. a5 Rxd4 34. axb6 axb6 35. Rb2 Rxh4 36. Rxb6 Bc5 37. Rb8+ Kh7 38. Bg5 Rg4 39. Bf6 g5 40. Rh8+ Kg6 41. Rg8+ Kh7 42. Rh8+ Kg6 1/2-1/2

[Event "Montreal op"]
[Site "Montreal CAN"]
[Date "2012.09.08"]
[Round "2"]
[White "Auger, Bertrand"]
[Black "MacKinnon, Keith"]
[Result "0-1"]
[WhiteElo "2000"]
[BlackElo "2301"]
[PlyCount "96"]
[GameId "2160767909445252"]
[EventDate "2012.09.07"]
[EventType "swiss"]
[EventRounds "5"]
[EventCountry "CAN"]
[SourceTitle "hb 2012"]

1. Nf3 Nf6 2. g3 g6 3. b4 Bg7 4. Bb2 O-O 5. Bg2 d6 6. c4 a5 7. a3 e5 8. d3 Nc6 9. b5 Ne7 10. O-O Nd7 11. Qc2 a4 12. Nbd2 f5 13. Ng5 Nc5 14. e3 h6 15. Nh3 g5 16. f4 Ng6 17. d4 Ne6 18. dxe5 dxe5 19. c5 exf4 20. Bxg7 Kxg7 21. Qc3+ Qf6 22. Qxf6+ Kxf6 23. exf4 g4 24. Nf2 Rd8 25. Rfd1 Ra5 26. Rab1 Rd4 27. Bf1 Bd7 28. Rb4 Ke7 29. Rxd4 Nxd4 30. Nc4 Nf3+ 31. Kg2 Rxb5 32. Nb6 cxb6 33. Rxd7+ Kxd7 34. Bxb5+ Kc7 35. cxb6+ Kxb6 36. Bxa4 Kc5 37. Bd1 Nd2 38. Bc2 Ne7 39. Nd3+ Kd4 40. Ne5 Kc3 41. Bd1 Nd5 42. Kf2 Kb2 43. Nf7 Ne4+ 44. Ke1 h5 45. Nd8 b5 46. a4 b4 47. Nc6 Kc3 48. Na5 Nc5 0-1

[Event "Montreal op"]
[Site "Montreal CAN"]
[Date "2012.09.08"]
[Round "2"]
[White "Cloutier, Mathieu"]
[Black "Le Duin, Thierry"]
[Result "1-0"]
[WhiteElo "2060"]
[BlackElo "2030"]
[PlyCount "55"]
[GameId "2160767909445253"]
[EventDate "2012.09.07"]
[EventType "swiss"]
[EventRounds "5"]
[EventCountry "CAN"]

1. e4 d5 2. exd5 Nf6 3. d4 Bg4 4. Nf3 Qxd5 5. Be2 Nc6 6. O-O O-O-O 7. c4 Qh5 8. d5 e6 9. h3 exd5 10. hxg4 Nxg4 11. Bf4 dxc4 12. Nh2 Rxd1 13. Bxg4+ Qxg4 14. Nxg4 Rd4 15. g3 f6 16. Nh2 h5 17. Nc3 Bb4 18. Nf3 Rd3 19. Ne1 Rd7 20. Ne2 h4 21. Nf3 Re8 22. Be3 hxg3 23. Nxg3 c3 24. bxc3 Bxc3 25. Rac1 Ba5 26. Rfd1 Bb6 27. Rxd7 Bxe3 28. Rcd1 1-0

[Event "Montreal op"]
[Site "Montreal CAN"]
[Date "2012.09.08"]
[Round "2"]
[White "Enkh-Amar, Galbadrakh"]
[Black "Hebert, Jean"]
[Result "0-1"]
[WhiteElo "2160"]
[BlackElo "2399"]
[PlyCount "64"]
[GameId "2160767909445254"]
[EventDate "2012.09.07"]
[EventType "swiss"]
[EventRounds "5"]
[EventCountry "CAN"]
[SourceTitle "EXT 2013"]
[Source "ChessBase"]
[SourceDate "2012.11.22"]
[SourceVersion "1"]
[SourceVersionDate "2012.11.22"]
[SourceQuality "1"]

1. Nf3 c5 2. c4 Nf6 3. Nc3 Nc6 4. g3 d5 5. cxd5 Nxd5 6. Bg2 Nc7 7. O-O e5 8. d3 Be7 9. Be3 O-O 10. Rc1 Bd7 11. Nd2 Rc8 12. Nd5 Nxd5 13. Bxd5 Bh3 14. Bg2 Bxg2 15. Kxg2 Qd5+ 16. Kg1 Qxa2 17. Nc4 Qa6 18. Ra1 Qb5 19. Ra3 b6 20. Qc2 Rfd8 21. Rfa1 a5 22. Qb3 Nb4 23. Nxe5 Qe8 24. Nc4 Rc6 25. Re1 Re6 26. Raa1 a4 27. Qd1 b5 28. Na3 c4 29. d4 Rxe3 30. fxe3 Bg5 31. h3 Bxe3+ 32. Kh2 Bxd4 0-1

[Event "Montreal op"]
[Site "Montreal CAN"]
[Date "2012.09.08"]
[Round "2"]
[White "Hambleton, Aman"]
[Black "Bolduc, Steve"]
[Result "1-0"]
[WhiteElo "2468"]
[BlackElo "2221"]
[PlyCount "41"]
[GameId "2160767909445255"]
[EventDate "2012.09.07"]
[EventType "swiss"]
[EventRounds "5"]
[EventCountry "CAN"]
[SourceTitle "hb 2012"]

1. d4 Nf6 2. c4 c5 3. d5 b5 4. cxb5 a6 5. bxa6 g6 6. Nc3 Bxa6 7. e4 Bxf1 8. Kxf1 d6 9. Nf3 Bg7 10. h3 O-O 11. Kg1 Nbd7 12. Kh2 Qa5 13. Re1 Nb6 14. Re2 Nfd7 15. Rc2 Nc4 16. a4 Rfb8 17. Qe2 Rb4 18. Nd2 Nxb2 19. Bxb2 Rxb2 20. Rxb2 Bxc3 21. Rb5 1-0

[Event "Montreal op"]
[Site "Montreal CAN"]
[Date "2012.09.08"]
[Round "2"]
[White "Kovalyov, Anton"]
[Black "Kraiouchkine, Nikita"]
[Result "1-0"]
[WhiteElo "2593"]
[BlackElo "2310"]
[PlyCount "111"]
[GameId "2160767909445256"]
[EventDate "2012.09.07"]
[EventType "swiss"]
[EventRounds "5"]
[EventCountry "CAN"]
[SourceTitle "hb 2012"]

1. c4 b5 2. cxb5 a6 3. e4 Bb7 4. Nc3 e5 5. bxa6 Nxa6 6. Bc4 Nc5 7. Nf3 Ne6 8. O-O Nf6 9. Nxe5 Bd6 10. d4 Bxe5 11. dxe5 Nxe4 12. Nxe4 Bxe4 13. Qg4 Bg6 14. f4 h5 15. Qh3 f5 16. Be3 Qe7 17. Rfd1 h4 18. Rd2 O-O 19. Rad1 Rfd8 20. Bf2 Bh5 21. Qxh4 Qxh4 22. Bxh4 Bxd1 23. Bxd8 Ba4 24. b3 Bc6 25. Bxc7 Kh7 26. Bxe6 dxe6 27. Kf2 Bd5 28. Ke3 Rc8 29. Bd6 Kg6 30. Kd4 Kf7 31. Rb2 Rc1 32. g3 Ke8 33. a4 Kd7 34. b4 Kc6 35. Ke3 Kb6 36. Bc5+ Kc6 37. Bd4 Kb7 38. a5 Ka6 39. Bc5 Kb5 40. Rd2 Re1+ 41. Kf2 Re4 42. Rc2 g6 43. Rc3 Ka6 44. Bd6 Bc4 45. Kg2 Kb5 46. Rc2 g5 47. fxg5 Rg4 48. h4 f4 49. Kf3 Rxg3+ 50. Kxf4 Rg1 51. Rxc4 Kxc4 52. Bc5 Rf1+ 53. Kg4 Kd5 54. g6 Kxe5 55. g7 Rf4+ 56. Kg3 1-0

[Event "Montreal op"]
[Site "Montreal CAN"]
[Date "2012.09.08"]
[Round "2"]
[White "Libersan, Thierry"]
[Black "Kleinman, Michael"]
[Result "0-1"]
[WhiteElo "2108"]
[BlackElo "2394"]
[PlyCount "70"]
[GameId "2160767909445257"]
[EventDate "2012.09.07"]
[EventType "swiss"]
[EventRounds "5"]
[EventCountry "CAN"]
[SourceTitle "hb 2012"]

1. e4 c5 2. Nf3 e6 3. d4 cxd4 4. Nxd4 Nc6 5. Nb5 d6 6. Bf4 e5 7. Be3 Nf6 8. Bg5 Be7 9. Bxf6 gxf6 10. N1c3 a6 11. Na3 b5 12. Nd5 Be6 13. c4 Nd4 14. cxb5 Bxd5 15. exd5 Qa5+ 16. Qd2 axb5 17. Bd3 b4 18. Nc2 Qxd5 19. Nxd4 Qxd4 20. Bb5+ Kf8 21. Qh6+ Kg8 22. O-O f5 23. Rad1 Qg4 24. Rd3 f4 25. Rc1 Ra5 26. a4 bxa3 27. Rxa3 Bf8 28. Bd7 Rc5 29. Rca1 Qxd7 30. Ra8 Rc8 31. Qh5 h6 32. h3 Rxa8 33. Rxa8 Kh7 34. b4 Rg8 35. b5 Qb7 0-1

[Event "Montreal op"]
[Site "Montreal CAN"]
[Date "2012.09.08"]
[Round "2"]
[White "Qin, Zi Yi (Joey)"]
[Black "Ibrahim, Anthony"]
[Result "1/2-1/2"]
[WhiteElo "2422"]
[BlackElo "2215"]
[PlyCount "96"]
[GameId "2160767909445258"]
[EventDate "2012.09.07"]
[EventType "swiss"]
[EventRounds "5"]
[EventCountry "CAN"]
[SourceTitle "hb 2012"]

1. e4 c5 2. Nf3 Nc6 3. Nc3 Nf6 4. d4 cxd4 5. Nxd4 e5 6. Ndb5 d6 7. Bg5 a6 8. Na3 b5 9. Nd5 Be7 10. Bxf6 Bxf6 11. c3 O-O 12. Nc2 Bg5 13. a4 bxa4 14. Rxa4 a5 15. Bc4 Rb8 16. Ra2 Kh8 17. Nce3 g6 18. h4 Bxh4 19. g3 Bg5 20. f4 exf4 21. gxf4 Bh4+ 22. Kf1 f5 23. b4 fxe4 24. Rah2 g5 25. b5 Ne5 26. Rxh4 gxh4 27. Qd4 Qg5 28. Ke1 Rxf4 29. Nxf4 Qxf4 30. Rg1 Bd7 31. Kd1 Bxb5 32. Qa7 Ba4+ 33. Kc1 Qf8 34. Rg7 Nd3+ 35. Bxd3 exd3 36. Rxh7+ Kg8 37. Nf5 d2+ 38. Kxd2 Rb2+ 39. Ke3 Qe8+ 40. Re7 Re2+ 41. Kxe2 Qh5+ 42. Ke1 Qd1+ 43. Kf2 Qc2+ 44. Ke1 Qb1+ 45. Kf2 Qc2+ 46. Kf1 Qb1+ 47. Kf2 Qxf5+ 48. Ke3 Qg5+ 1/2-1/2

[Event "Montreal op"]
[Site "Montreal CAN"]
[Date "2012.09.08"]
[Round "2"]
[White "Robichaud, Louis"]
[Black "Yun, Chang"]
[Result "1-0"]
[WhiteElo "2105"]
[BlackElo "1902"]
[PlyCount "65"]
[GameId "2160767909445259"]
[EventDate "2012.09.07"]
[EventType "swiss"]
[EventRounds "5"]
[EventCountry "CAN"]
[SourceTitle "EXT 2013"]
[Source "ChessBase"]
[SourceDate "2012.11.22"]
[SourceVersion "1"]
[SourceVersionDate "2012.11.22"]
[SourceQuality "1"]

1. e4 c5 2. Nc3 Nc6 3. g3 g6 4. Bg2 Bg7 5. d3 e6 6. f4 Nge7 7. Nf3 d5 8. O-O O-O 9. Re1 a6 10. a4 Qc7 11. Bd2 b6 12. e5 Bd7 13. Ne2 b5 14. c3 Qb6 15. Be3 b4 16. c4 d4 17. Bf2 b3 18. Nd2 Rab8 19. Ne4 Nc8 20. Ra3 Na5 21. Rf1 Kh8 22. Be1 Ne7 23. g4 Nec6 24. Nc1 h6 25. Rf3 Rfd8 26. Rh3 Kh7 27. Nf6+ Bxf6 28. exf6 Rh8 29. g5 h5 30. Be4 Kg8 31. Rf3 Kh7 32. Rf1 Rhe8 33. Qxh5+ 1-0

[Event "Montreal op"]
[Site "Montreal CAN"]
[Date "2012.09.08"]
[Round "2"]
[White "Sturt, Raven"]
[Black "Sapozhnikov, Roman"]
[Result "1/2-1/2"]
[WhiteElo "2277"]
[BlackElo "2332"]
[PlyCount "108"]
[GameId "2160767909445260"]
[EventDate "2012.09.07"]
[EventType "swiss"]
[EventRounds "5"]
[EventCountry "CAN"]
[SourceTitle "EXT 2013"]
[Source "ChessBase"]
[SourceDate "2012.11.22"]
[SourceVersion "1"]
[SourceVersionDate "2012.11.22"]
[SourceQuality "1"]

1. d4 Nf6 2. c4 g6 3. g3 Bg7 4. Bg2 O-O 5. Nc3 d6 6. Nf3 c6 7. O-O Qa5 8. e4 e5 9. h3 Nbd7 10. Be3 exd4 11. Bxd4 Nb6 12. Qd3 Qa6 13. b3 d5 14. exd5 cxd5 15. Ne5 dxc4 16. bxc4 Be6 17. Qf3 Nxc4 18. Nxc4 Bxc4 19. Rfd1 Rad8 20. Qxb7 Qxb7 21. Bxb7 Rd7 22. Bc6 Rc7 23. Bg2 Re8 24. Rab1 a6 25. a4 h5 26. a5 Ree7 27. Re1 Rxe1+ 28. Rxe1 Rd7 29. Bb6 Bf8 30. Na4 Ba3 31. Ra1 Bd6 32. Rc1 Bb3 33. Bc6 Re7 34. Nc5 Bxc5 35. Bxc5 Re6 36. Bd4 Kh7 37. Bg2 g5 38. Rc5 Kg6 39. Be3 g4 40. Rg5+ Kh7 41. Bf1 Bd5 42. Bd3+ Be4 43. Bc4 Rd6 44. Be2 gxh3 45. Kh2 Bg2 46. Bf4 Re6 47. Bd3+ Kh8 48. Bf5 Ng4+ 49. Bxg4 hxg4 50. Rxg4 Re1 51. Rh4+ Kg7 52. g4 Re4 53. Kg3 Ra4 54. Rh5 Bf1 1/2-1/2

[Event "Montreal op"]
[Site "Montreal CAN"]
[Date "2012.09.08"]
[Round "2"]
[White "Tomb, Maroun"]
[Black "Gauthier, Denis"]
[Result "1-0"]
[WhiteElo "2209"]
[BlackElo "2000"]
[PlyCount "46"]
[GameId "2160767909445261"]
[EventDate "2012.09.07"]
[EventType "swiss"]
[EventRounds "5"]
[EventCountry "CAN"]
[SourceTitle "hb 2012"]

1. e4 c5 2. Nf3 Nc6 3. d4 cxd4 4. Nxd4 e6 5. Nxc6 bxc6 6. Bd3 d5 7. Nc3 Bd6 8. Qe2 Ne7 9. O-O O-O 10. e5 Bc5 11. Na4 Bb6 12. Bg5 Qc7 13. Qh5 Ng6 14. Nxb6 axb6 15. f4 Ba6 16. Rad1 f5 17. exf6 gxf6 18. Bh6 Bxd3 19. Rxd3 Rfe8 20. a3 Qf7 21. f5 exf5 22. Qxf5 Re2 23. Rg3 Qe6 1-0

[Event "Montreal op"]
[Site "Montreal CAN"]
[Date "2012.09.08"]
[Round "2"]
[White "Wu, Qiyou"]
[Black "Bouchard, Jean-Marc"]
[Result "1-0"]
[WhiteElo "2043"]
[BlackElo "2000"]
[PlyCount "75"]
[GameId "2160767909445262"]
[EventDate "2012.09.07"]
[EventType "swiss"]
[EventRounds "5"]
[EventCountry "CAN"]

1. e4 e6 2. d4 d5 3. e5 Bd7 4. Nf3 a6 5. Bg5 Be7 6. h4 Bb5 7. Bd3 Bxd3 8. Qxd3 h6 9. Bxe7 Nxe7 10. Nc3 Nd7 11. Ne2 c5 12. c3 Qb6 13. Qd2 Nc6 14. g3 O-O-O 15. Kf1 f6 16. exf6 Nxf6 17. Kg2 Ne4 18. Qc2 Rhf8 19. Nf4 Rf6 20. Rhe1 g5 21. hxg5 hxg5 22. Rxe4 dxe4 23. Nxg5 Rg8 24. dxc5 Qxc5 25. Nxe4 Nb4 26. Qa4 b5 27. Nxc5 bxa4 28. Ncxe6 Nc6 29. Rd1 Nd8 30. Rxd8+ Rxd8 31. Nxd8 Rb6 32. Nde6 Rxb2 33. g4 Rxa2 34. g5 Kd7 35. g6 Ke7 36. g7 Kf7 37. Nd5 Re2 38. Nf6 1-0

[Event "Montreal op"]
[Site "Montreal CAN"]
[Date "2012.09.08"]
[Round "2"]
[White "Zhu, Hong Rui"]
[Black "Nicula, Marius"]
[Result "0-1"]
[WhiteElo "2009"]
[BlackElo "2206"]
[PlyCount "72"]
[GameId "2160767909445263"]
[EventDate "2012.09.07"]
[EventType "swiss"]
[EventRounds "5"]
[EventCountry "CAN"]
[SourceTitle "EXT 2013"]
[Source "ChessBase"]
[SourceDate "2012.11.22"]
[SourceVersion "1"]
[SourceVersionDate "2012.11.22"]
[SourceQuality "1"]

1. e4 e6 2. d4 d5 3. e5 c5 4. c3 Nc6 5. Nf3 Qb6 6. a3 c4 7. Nbd2 f6 8. exf6 Nxf6 9. g3 Bd6 10. Bh3 O-O 11. O-O e5 12. Bxc8 Raxc8 13. dxe5 Nxe5 14. Nxe5 Bxe5 15. Nf3 Rce8 16. Rb1 Bxc3 17. Be3 Rxe3 18. fxe3 Qxe3+ 19. Kg2 Ba5 20. Qd4 Re8 21. Rbd1 Qb3 22. Ng1 Re4 23. Qc5 Bb6 24. Qc8+ Re8 25. Qxb7 Qxb2+ 26. Kh1 Qxa3 27. Qc6 Qe7 28. Nf3 Qc5 29. Qa4 h6 30. Nh4 Re2 31. Rde1 Rxe1 32. Rxe1 d4 33. h3 d3 34. Ng6 Kh7 35. Nf4 Qf2 36. Rb1 Ne4 0-1

[Event "Montreal op"]
[Site "Montreal CAN"]
[Date "2012.09.08"]
[Round "3"]
[White "Auger, Bertrand"]
[Black "Libersan, Thierry"]
[Result "1/2-1/2"]
[WhiteElo "2000"]
[BlackElo "2108"]
[PlyCount "114"]
[GameId "2160767909445264"]
[EventDate "2012.09.07"]
[EventType "swiss"]
[EventRounds "5"]
[EventCountry "CAN"]
[SourceTitle "hb 2012"]

1. Nf3 d5 2. g3 c5 3. c4 d4 4. Bg2 Nc6 5. O-O Nf6 6. d3 e5 7. a3 a5 8. b3 h6 9. Re1 Bd6 10. Nbd2 O-O 11. Qc2 Bf5 12. Nf1 Re8 13. e4 Be6 14. Re2 Nd7 15. Ne1 f5 16. exf5 Bxf5 17. Nd2 Nf6 18. Ne4 Nxe4 19. Bxe4 Bxe4 20. Rxe4 Qf6 21. a4 Rf8 22. Qe2 Rf7 23. f3 Raf8 24. Ra2 g5 25. g4 Ne7 26. h4 Ng6 27. hxg5 hxg5 28. Ng2 Qxf3 29. Qxf3 Rxf3 30. Ne1 Rf1+ 31. Kg2 Nh4+ 32. Kh3 Rh1+ 33. Kg3 Rg1+ 34. Kh3 Nf3 35. Bd2 Rf7 36. Ng2 Rh1+ 37. Kg3 Ng1 38. Ne1 Rf1 39. Bxa5 Nh3 40. Rh2 Rxh2 41. Kxh2 Nf4 42. Bd8 Ne6 43. Ba5 Rf2+ 44. Kg3 Rb2 45. Kf3 Rxb3 46. Re2 Nf4 47. Rd2 Kf7 48. Ke4 Ra3 49. Kf5 Ne6 50. Rh2 Rxa4 51. Bd2 e4 52. Rh7+ Ng7+ 53. Kxe4 Kg6 54. Rh8 Ra2 55. Nf3 Ne6 56. Re8 Kf7 57. Rh8 Kg7 1/2-1/2

[Event "Montreal op"]
[Site "Montreal CAN"]
[Date "2012.09.08"]
[Round "3"]
[White "Bolduc, Steve"]
[Black "Gueorguiev, Valentin"]
[Result "1-0"]
[WhiteElo "2221"]
[BlackElo "2000"]
[PlyCount "57"]
[GameId "2160767909445265"]
[EventDate "2012.09.07"]
[EventType "swiss"]
[EventRounds "5"]
[EventCountry "CAN"]
[SourceTitle "hb 2012"]

1. d4 g6 2. e4 Bg7 3. Nc3 c6 4. Nf3 d5 5. h3 dxe4 6. Nxe4 Nd7 7. Bc4 Ngf6 8. Ng3 O-O 9. O-O b5 10. Bd3 Bb7 11. Re1 a6 12. a4 bxa4 13. c4 Nb6 14. c5 Nbd5 15. Qxa4 Re8 16. Ne5 Qc7 17. Bd2 Nd7 18. Ba5 Qc8 19. Rac1 Nxe5 20. dxe5 Bh6 21. Rc2 Bf4 22. Re4 Bxg3 23. fxg3 Qd7 24. Be2 f5 25. e6 Qc8 26. Re5 Qb8 27. Qd4 Bc8 28. Rxd5 cxd5 29. Bc3 1-0

[Event "Montreal op"]
[Site "Montreal CAN"]
[Date "2012.09.08"]
[Round "3"]
[White "Chiku-Ratte, Olivier-Kenta"]
[Black "Qin, Zi Yi (Joey)"]
[Result "0-1"]
[WhiteElo "2117"]
[BlackElo "2422"]
[PlyCount "84"]
[GameId "2160767909445266"]
[EventDate "2012.09.07"]
[EventType "swiss"]
[EventRounds "5"]
[EventCountry "CAN"]
[SourceTitle "hb 2012"]

1. d4 Nf6 2. c4 g6 3. Nc3 Bg7 4. e4 d6 5. f4 O-O 6. Nf3 c5 7. d5 e6 8. Be2 exd5 9. cxd5 Bg4 10. O-O Nbd7 11. h3 Bxf3 12. Bxf3 Ne8 13. Be3 Rb8 14. a4 a6 15. Qd3 Nc7 16. a5 b5 17. e5 dxe5 18. f5 c4 19. Qc2 Ne8 20. fxg6 hxg6 21. Ne4 Qc7 22. Ng5 Nd6 23. Be4 Nxe4 24. Qxe4 f5 25. Qh4 Nf6 26. Ne6 Qf7 27. Nxf8 Bxf8 28. Qg3 Nxd5 29. Bd2 Re8 30. h4 f4 31. Qg4 Bc5+ 32. Kh1 Qe6 33. Qxe6+ Rxe6 34. Rae1 Bd4 35. Bxf4 Nxf4 36. Rxf4 Bxb2 37. Rfe4 Rc6 38. R1e2 Bd4 39. Re1 c3 40. R4e2 b4 41. Rb1 c2 42. Rc1 b3 0-1

[Event "Montreal op"]
[Site "Montreal CAN"]
[Date "2012.09.08"]
[Round "3"]
[White "Desjardins, Michel"]
[Black "Yun, Chang"]
[Result "1-0"]
[WhiteElo "2059"]
[BlackElo "2000"]
[PlyCount "81"]
[GameId "2160767909445267"]
[EventDate "2012.09.07"]
[EventType "swiss"]
[EventRounds "5"]
[EventCountry "CAN"]
[SourceTitle "hb 2012"]

1. e4 c5 2. Nc3 Nc6 3. g3 e6 4. Bg2 Nf6 5. d3 d5 6. exd5 exd5 7. Nge2 Be7 8. O-O O-O 9. Nf4 d4 10. Ncd5 Bd6 11. Re1 Be6 12. Nxe6 fxe6 13. Rxe6 Nxd5 14. Bxd5 Kh8 15. Bxc6 bxc6 16. Qe2 Qd7 17. Bd2 Rf7 18. Rf1 Raf8 19. f4 Bc7 20. Qe4 Bd6 21. Re1 Kg8 22. Re8 Rxe8 23. Qxe8+ Qxe8 24. Rxe8+ Rf8 25. Rxf8+ Kxf8 26. Kf2 h5 27. Kf3 Kf7 28. Ke4 Ke6 29. f5+ Kf6 30. Bf4 Bf8 31. h3 g6 32. fxg6 Kxg6 33. Ke5 Kf7 34. b3 Be7 35. Kf5 a6 36. g4 hxg4 37. hxg4 Bf8 38. g5 Be7 39. g6+ Kg7 40. Be5+ Kg8 41. Ke6 1-0

[Event "Montreal op"]
[Site "Montreal CAN"]
[Date "2012.09.08"]
[Round "3"]
[White "Gagnon, Serge"]
[Black "Enkh-Amar, Galbadrakh"]
[Result "0-1"]
[WhiteElo "2029"]
[BlackElo "2160"]
[PlyCount "86"]
[GameId "2160767909445268"]
[EventDate "2012.09.07"]
[EventType "swiss"]
[EventRounds "5"]
[EventCountry "CAN"]
[SourceTitle "EXT 2013"]
[Source "ChessBase"]
[SourceDate "2012.11.22"]
[SourceVersion "1"]
[SourceVersionDate "2012.11.22"]
[SourceQuality "1"]

1. d4 Nf6 2. c4 e6 3. Nc3 Bb4 4. e3 O-O 5. Nge2 d5 6. a3 Be7 7. Nf4 b6 8. cxd5 exd5 9. Bd3 Bb7 10. O-O Nbd7 11. b4 c5 12. dxc5 bxc5 13. b5 Ne5 14. Be2 Qd6 15. a4 Rfd8 16. Ba3 Rac8 17. Nd3 d4 18. Nxe5 Qxe5 19. exd4 Rxd4 20. Qc2 Qg5 21. f3 Qe3+ 22. Rf2 Rd2 23. Qc1 Bd6 24. Ra2 Bf4 25. Qxd2 Qxd2 26. Rxd2 Bxd2 27. Nd1 Bb4 28. Bb2 c4 29. Rf1 Nd5 30. Bd4 Nf4 31. Kf2 c3 32. Be3 Nxe2 33. Kxe2 Bd5 34. Kf2 Bb3 35. Nxc3 Bxc3 36. Bxa7 Bxa4 37. Rb1 Be5 38. Rb4 Bc2 39. b6 Bb8 40. Ke2 Bf5 41. b7 Re8+ 42. Be3 Be6 43. Ra4 Bd5 0-1

[Event "Montreal op"]
[Site "Montreal CAN"]
[Date "2012.09.08"]
[Round "3"]
[White "Gauthier, Denis"]
[Black "Poulin, Mathieu"]
[Result "0-1"]
[WhiteElo "2000"]
[BlackElo "2060"]
[PlyCount "72"]
[GameId "2160767909445269"]
[EventDate "2012.09.07"]
[EventType "swiss"]
[EventRounds "5"]
[EventCountry "CAN"]
[SourceTitle "hb 2012"]

1. d4 d5 2. c4 e6 3. Nc3 Nf6 4. cxd5 exd5 5. Bg5 Be7 6. e3 c6 7. Bd3 O-O 8. Nge2 Bg4 9. Qc2 Nbd7 10. h3 Bh5 11. Nf4 Bg6 12. Nxg6 hxg6 13. O-O Nh5 14. Bxe7 Qxe7 15. a3 a5 16. Rab1 Rfc8 17. b4 b5 18. Rfe1 Nhf6 19. f3 Qd6 20. Qf2 axb4 21. axb4 Ra3 22. Rec1 Nb6 23. e4 Qd7 24. e5 Nh7 25. f4 Rca8 26. f5 Nf8 27. e6 fxe6 28. fxg6 e5 29. dxe5 d4 30. Ne4 Nxg6 31. Nc5 Qe8 32. Qf5 Nf8 33. e6 Rd8 34. Re1 Nd5 35. Rb2 Qe7 36. Nd7 Rxd7 0-1